000 00470nam a2200169Ia 4500
003 GCL
008 140319s9999 xx 000 0 eng d
040 _aGCL /
_cGCL
082 0 4 _a193
_bC N
100 1 _aCLARK, MAUDEMARE
245 1 0 _aNIETZSCHE ON TRUTH AND PHILOSOPHY /
_cCLARK, MAUDEMARE
260 _a[S.N] :
_bCAMLRIDGE UNIVERSITY PRESS ،
_c1991
300 _a298 P
650 0 4 _aMODERN PHILOSOPHY
650 0 4 _aNIETZSCHE, F. W.(1844 - 1900)
942 _2ddc
_cBK
999 _c10783
_d10783